Una tipología de sistema de producción ganadera: primera aproximación /
Sparad:
| Institutionell upphovsman: | |
|---|---|
| Materialtyp: | Text |
| Taggar: |
Lägg till en tagg
Inga taggar, Lägg till första taggen!
|
MARC
| LEADER | 00000 a a2200000 04500 | ||
|---|---|---|---|
| 001 | 43476 | ||
| 003 | |||
| 040 | |||
| 110 | |a Equipo de Gandería, DEA-UNAM | ||
| 245 | |a Una tipología de sistema de producción ganadera: |b primera aproximación / |c Equipo de Gandería, DEA-UNAM | ||
| 773 | |g páginas 136-170 | ||
| 999 | |c 27846 |d 27846 | ||
